00357pab a2200121 454500008004000000100001700040245006800057260000900125300001100134362001000145650003200155773004800187180718b1983 xxu||||| |||| 00| 0 eng d aMcCoppin, B. aThe government and hospital comittees of management in victoria c1983 a376-84 aSept. aHealth Services - Australia aAustralian Journal of Public Administration